Pros and cons of the I. T. O : Proceeding of the Rubber manufacturers association forum on the havana charter for an international trade organization
Uloženo v:
| Médium: | Kniha |
|---|---|
| Jazyk: | Undetermined |
| Vydáno: |
New York
Rubber Manufacturers Association
1949
|
| Témata: | |
| Tagy: |
Přidat tag
Žádné tagy, Buďte první, kdo otaguje tento záznam!
|
| Thư viện lưu trữ: | Trung tâm Học liệu Trường Đại học Cần Thơ |
|---|
| LEADER | 00581nam a2200169Ia 4500 | ||
|---|---|---|---|
| 001 | CTU_81320 | ||
| 008 | 210402s9999 xx 000 0 und d | ||
| 082 | |a 382 | ||
| 082 | |b P966 | ||
| 245 | 0 | |a Pros and cons of the I. T. O : | |
| 245 | 0 | |b Proceeding of the Rubber manufacturers association forum on the havana charter for an international trade organization | |
| 260 | |a New York | ||
| 260 | |b Rubber Manufacturers Association | ||
| 260 | |c 1949 | ||
| 650 | |a International trade organization | ||
| 904 | |i Trọng Hải | ||
| 980 | |a Trung tâm Học liệu Trường Đại học Cần Thơ | ||